Central Library OPAC University of Rajshahi

Flowers of the field / (Record no. 72715)

MARC details
000 -LEADER
fixed length control field 00980nam a2200253 a 4500
001 - CONTROL NUMBER
control field 72715
003 - CONTROL NUMBER IDENTIFIER
rucl marc code BD-RjUL
005 - DATE AND TIME OF LATEST TRANSACTION
control field 20211209082312.0
008 - FIXED-LENGTH DATA ELEMENTS--GENERAL INFORMATION
fixed length control field 170522s1949 enk 001 0 eng d
035 ## - SYSTEM CONTROL NUMBER
System control number (BD-RjUL)72933
040 ## - CATALOGING SOURCE
Original cataloging agency DLC
Transcribing agency TU
Modifying agency DLC
-- BD-RjUL
Language of cataloging eng
041 ## - LANGUAGE CODE
Language code of text/sound track or separate title eng
082 00 - DEWEY DECIMAL CLASSIFICATION NUMBER
Edition number 23
Classification number 581.941
Author mark and year JOF 1949
100 1# - MAIN ENTRY--PERSONAL NAME
Personal name Johns, C. A.
Fuller form of name (Charles Alexander),
Dates associated with a name 1811-1874.
9 (RLIN) 215090
245 10 - TITLE STATEMENT
Title Flowers of the field /
Statement of responsibility, etc. by C. A. Johns.; Rev. throughout and ed. by R.A. Blakelock. With an appendix including the Pipe-wort tribe (Eriocaulaceæ), the Sedge tribe (Cyperaceæ), and the Grass tribe (Gramineæ) With 266 coloured illus. by E.N. Gwatkin and 245 cuts in the text.
250 ## - EDITION STATEMENT
Edition statement Present rev. ed.
260 ## - PUBLICATION, DISTRIBUTION, ETC. (IMPRINT)
Place of publication, distribution, etc. London :
Name of publisher, distributor, etc. Routledge & K. Paul
Date of publication, distribution, etc. 1949
300 ## - PHYSICAL DESCRIPTION
Pagination xiv, 356 p. :
Illustrations ill. ;
Size 23 cm.
500 ## - GENERAL NOTE
General note Includes index
650 #0 - SUBJECT ADDED ENTRY--TOPICAL TERM
Topical term or geographic name as entry element Botany
Geographic subdivision Great Britain.
9 (RLIN) 215091
700 ## - ADDED ENTRY--PERSONAL NAME
Personal name Blakelock, R.A.
942 ## - ADDED ENTRY ELEMENTS (KOHA)
Source of classification or shelving scheme Dewey Decimal Classification
Koha item type Books
Holdings
Lost status Source of classification or shelving scheme Damaged status Not for loan Collection code Permanent Location Current Location Shelving location Date acquired Source of acquisition Cost, normal purchase price Total Checkouts Full call number Date last seen Copy number Koha item type
  Dewey Decimal Classification   Not For Loan Non-fiction Central Library, University of Rajshahi Central Library, University of Rajshahi Reading Room 16/08/1973 Mitali prokashani, 71.50   581.941 JOF 1949 22/05/2017 C-1 Books